logo

Bir Sreshtho Munshi Abdur Rouf Library
Jhenaidah Cadet College

The World Almanac and Book of Facts 2007 / (Record no. 2018)

MARC details
000 -LEADER
fixed length control field 00600nam a2200229 a 4500
001 - CONTROL NUMBER
JCCL Control Number 2018
003 - CONTROL NUMBER IDENTIFIER
JCCL marc code BD-JhCC
005 - DATE AND TIME OF LATEST TRANSACTION
control field 20171029093826.0
008 - FIXED-LENGTH DATA ELEMENTS--GENERAL INFORMATION
fixed length control field 171028s2007 n a|||| || | 001 0 eng d
020 ## - INTERNATIONAL STANDARD BOOK NUMBER
International Standard Book Number 9780886879952
035 ## - SYSTEM CONTROL NUMBER
system control number (BD-JhCC)2018
040 ## - CATALOGING SOURCE
Original cataloging agency BD-JhCC
Modifying agency BD-JhCC
041 ## - LANGUAGE CODE
Language code of Book eng
082 ## - DEWEY DECIMAL CLASSIFICATION NUMBER
Classification number 310
Author mark and Year WOR 2007
245 ## - TITLE STATEMENT
Title The World Almanac and Book of Facts 2007 /
Statement of responsibility, etc World Almanac Books
260 ## - PUBLICATION, DISTRIBUTION, ETC. (IMPRINT)
Place of publication, distribution, etc New York :
Name of publisher, distributor, etc World Almanac Books,
Date of publication, distribution, etc 2007
300 ## - PHYSICAL DESCRIPTION
Pagination 1008 p. :
Dimensions 20 cm.
650 ## - SUBJECT ADDED ENTRY--TOPICAL TERM
Topical term or geographic name as entry element Amlnacs America
710 ## - ADDED ENTRY--CORPORATE NAME
Corporate name or jurisdiction name as entry element World Almanac Books
942 ## - ADDED ENTRY ELEMENTS (KOHA)
Source of classification or shelving scheme Dewey Decimal Classification
Koha item type Books
Holdings
Source of classification or shelving scheme Damaged status Not for loan Home library Current library Shelving location Cost, normal purchase price Total Checkouts Full call number Barcode Date last seen Copy number Koha item type
Dewey Decimal Classification     JCC Rouf Library JCC Rouf Library General Stacks 12.99   310 WOR 2007 3323 10/28/2017 C-1 Books

JCC Library | Contacts | JCC Home

Last Update on 23 September 2017
Copyright @ 2017-2020 JCC Rouf Library
Rouf Library, Jhenidah Cadet College (JCC), Bangladesh